| 000 | 00882 a2200289 4500 | ||
|---|---|---|---|
| 001 | 200002609 | ||
| 999 |
_c200002609 _d24485 |
||
| 003 | TR-AnTOB | ||
| 005 | 20230824173029.0 | ||
| 008 | 101121s2008 ir 000 0 | ||
| 020 | _a9789645817051 | ||
| 040 | _aTR-AnTOB | ||
| 041 | _aeng | ||
| 050 |
_aBP217.M6 _bK613 2008 |
||
| 090 | _aBP217.M6 K613 2008 | ||
| 100 | 1 |
_aMūsavī Lārī, Mujtabá _972010 |
|
| 245 | 1 | 0 |
_aKnowing God / _cSayyid Mujtaba Musawi Lari ; translated by F.J. Goulding. |
| 264 | 1 |
_aQom, Iran : _bFoundation of Islamic Cultural Propagation in the World, _c2008 |
|
| 300 |
_a47 s.; _c22 cm. |
||
| 650 | 0 |
_aGod (Islam) _972017 |
|
| 650 | 7 |
_aAllah (İslam) _2etuturkob _9115175 |
|
| 650 | 0 |
_aTheology _xHistory _yEarly church, ca. 30-600 _964450 |
|
| 650 | 7 |
_aTeoloji _vSözlükler _2etuturkob _99365 |
|
| 700 | 1 |
_aGoulding, F. J. _972016 |
|
| 910 | _a0035112 | ||
| 942 | _cBK | ||